| 000 | 00485 a2200181 4500 | ||
|---|---|---|---|
| 003 | Nust | ||
| 005 | 20230201115016.0 | ||
| 040 | _cNust | ||
| 082 | _a808.83,LEE | ||
| 100 |
_aLee, Jennette _9108348 |
||
| 245 |
_aHappy Island: _bA new "Uncle William " story / _cJennette Lee, |
||
| 260 |
_aNew York _bThe Century Co. _c1910 |
||
| 300 |
_a330 p _billus _c18 cm |
||
| 600 |
_aLee, Jennette _9108348 |
||
| 650 |
_aHappy island _9108349 |
||
| 651 | _aNovel | ||
| 942 |
_2ddc _cBK _k808.83,LEE |
||
| 999 |
_c186376 _d186376 |
||